Risk modeling, assessment, and management /
Guardado en:
| Autor Principal: | |
|---|---|
| Formato: | Libro |
| Idioma: | English |
| Publicado: |
New York :
Wiley,
c1998.
|
| Series: | Wiley series in systems engineering
|
| Materias: | |
| Acceso en línea: | Biografía del autor Descripción Tabla de contenido |
| Etiquetas: |
Agregar Etiqueta
Sin Etiquetas, Sea el primero en etiquetar este registro!
|
| LEADER | 01269cam a22003135a 4500 | ||
|---|---|---|---|
| 001 | EIQ.libpla003050 | ||
| 008 | 971106s1998####nyua#####b####001#0#eng#d | ||
| 005 | 20071009144134.0 | ||
| 245 | 1 | 0 | |a Risk modeling, assessment, and management / |c Yacov Y. Haimes. |
| 260 | |a New York : |b Wiley, |c c1998. | ||
| 300 | |a xvii, 726 p. : |b il. ; |c 25 cm. | ||
| 440 | 0 | |a Wiley series in systems engineering | |
| 500 | |a "A Wiley-Interscience publication." | ||
| 504 | |a Incluye referencias bibliográficas e índice. | ||
| 020 | |a 0471240052 (cloth : acid-free paper) | ||
| 100 | 1 | |a Haimes, Yacov Y. | |
| 082 | 0 | 0 | |a 658.15/5/011 |2 21 |
| 650 | 4 | |a Tecnología |x Gravamen de riesgo. | |
| 650 | 4 | |a Tecnología |x Estudio de casos. | |
| 650 | 4 | |a Gravamen de riesgo |x Estudio de casos. | |
| 650 | 0 | |a Technology |x Risk assessment. | |
| 650 | 0 | |a Technology |x Case studies. | |
| 650 | 0 | |a Risk management |x Case studies. | |
| 010 | |a 97048583 | ||
| 040 | |a DLC |c DLC |d AR-BbSID | ||
| 856 | 4 | 2 | |3 Biografía del autor |u http://www.loc.gov/catdir/bios/wiley041/97048583.html |
| 856 | 4 | 2 | |3 Descripción |u http://www.loc.gov/catdir/description/wiley031/97048583.html |
| 856 | 4 | |3 Tabla de contenido |u http://www.loc.gov/catdir/toc/onix01/97048583.html | |
| 859 | |a AR-BbSID |b BIB. PLAPIQUI |h 658.155 |i H 11 |p 5297 | ||
